| 000 | 00774nam a2200253 i 4500 | ||
|---|---|---|---|
| 001 | bg | ||
| 100 | 1 | _aKUCHARSKI, Marian | |
| 245 | 1 | 0 |
_aChemia analityczna : _bwybrane zagadnienia i ćwiczenia laboratoryjne / _cMarian Kucharski [oraz] Tomasz Hrynaszkiewicz ; Politechnika Białostocka. |
| 250 | _aWyd. 4 popr. i zm. | ||
| 260 |
_aBiałystok : _bPB, _c2003. |
||
| 300 |
_a223 s. : _bil. ; _c23 cm. |
||
| 504 | _aBibliogr. przy rozdz. | ||
| 650 | 9 | _aChemia analityczna | |
| 655 | _aPodręczniki akademickie | ||
| 700 | 1 | _aHRYNASZKIEWICZ, Tomasz | |
| 710 | 0 | _aPolitechnika Białostocka | |
| 020 | _a8388229451 | ||
| 040 | _cBPK | ||
| 041 | 0 | _apol | |
| 080 | _a543(075.8) | ||
| 920 | _a83-88229-45-1 | ||
| 942 | _cKS | ||
| 008 | s pl f |000 0 pol | ||
| 999 |
_c45526 _d45526 |
||
| 856 |
_uhttp://koha.tu.koszalin.pl/cgi-bin/koha/opac-detail.pl?biblionumber=45526 _yKatalog online BPK |
||